[Event "Pereira op"]
[Site "Pereira"]
[Date "2023.09.24"]
[Round "4"]
[White "Montilla Reyes, Jorcerys"]
[Black "Rueda Hernandez, Carlos Jonath"]
[Result "1/2-1/2"]
[WhiteElo "2183"]
[BlackElo "2030"]
[PlyCount "57"]
[EventDate "2023.09.23"]
[EventType "swiss"]
[EventRounds "6"]
[EventCountry "COL"]
[SourceTitle "CBM 216 Extra"]
[Source "ChessBase"]
[SourceDate "2023.11.30"]
[SourceVersion "1"]
[SourceVersionDate "2023.11.30"]
[SourceQuality "1"]

1. d4 Nf6 2. c4 e6 3. Nc3 Bb4 4. e3 Bxc3+ 5. bxc3 0-0 6. Bd3 d6 7. Ne2 e5 8. f3 Qe7 9. e4 Nc6 10. 0-0 b6 11. Bg5 h6 12. Bh4 g5 13. Bf2 Nh5 14. g3 Ng7 15. g4 Na5 16. Ng3 Ba6 17. c5 Bxd3 18. Qxd3 dxc5 19. dxc5 Rfd8 20. Qa6 Qd7 21. cxb6 axb6 22. Qe2 Qd3 23. Rfd1 Qxe2 24. Nxe2 Nc4 25. Rd5 Rxd5 26. exd5 Ra5 27. h4 Rxd5 28. hxg5 hxg5 29. Re1 1/2-1/2

[Event "Pereira op"]
[Site "Pereira"]
[Date "2023.09.24"]
[Round "6"]
[White "Tineo Mojica, Ivan Esteban"]
[Black "Rueda Hernandez, Carlos Jonath"]
[Result "1/2-1/2"]
[WhiteElo "1688"]
[BlackElo "2030"]
[PlyCount "60"]
[EventDate "2023.09.23"]
[EventType "swiss"]
[EventRounds "6"]
[EventCountry "COL"]
[SourceTitle "CBM 216 Extra"]
[Source "ChessBase"]
[SourceDate "2023.11.30"]
[SourceVersion "1"]
[SourceVersionDate "2023.11.30"]
[SourceQuality "1"]

1. e4 d6 2. d4 Nd7 3. Nf3 e5 4. Bc4 c6 5. dxe5 dxe5 6. 0-0 Be7 7. Qe2 b5 8. Bb3 Ngf6 9. Rd1 Qc7 10. c3 0-0 11. Nbd2 Nc5 12. Bc2 Bg4 13. Nf1 Ne6 14. h3 Bh5 15. Ng3 Bc5 16. Nxh5 Nxh5 17. Ne1 Nhf4 18. Bxf4 Nxf4 19. Qf3 Rae8 20. Nd3 Nxd3 21. Bxd3 Re6 22. Rf1 Rd8 23. Rad1 Red6 24. b4 Bb6 25. Bc2 Rd2 26. Bb3 R8d6 27. Kh1 Qd7 28. Rxd2 Rxd2 29. Kg1 h6 30. Kh1 Rd3 1/2-1/2

[Event "Capablanca Memorial op 51st"]
[Site "Varadero"]
[Date "2016.06.09"]
[Round "1"]
[White "Bobadilla Viera, Jorge Samuel"]
[Black "Rueda Hernandez, Carlos Jonath"]
[Result "1-0"]
[WhiteElo "2256"]
[BlackElo "2088"]
[PlyCount "33"]
[EventDate "2016.06.09"]
[EventType "swiss"]
[EventRounds "10"]
[EventCountry "CUB"]
[SourceTitle "EXT 2017"]
[Source "ChessBase"]
[SourceDate "2016.10.25"]
[SourceVersion "1"]
[SourceVersionDate "2016.10.25"]
[SourceQuality "1"]

1. d4 Nf6 2. c4 g6 3. Nc3 Bg7 4. e4 d6 5. Nf3 0-0 6. Be2 Na6 7. 0-0 e5 8. d5 Nc5 9. Qc2 a5 10. Bg5 Bd7 11. Nd2 Qe8 12. b3 h5 13. a3 Nh7 14. Be3 b6 15. b4 axb4 16. axb4 Na4 17. Nb5 1-0